Airport Codes - Statistics

General Stats
  • This quiz has been taken 66 times
  • The average score is 13 of 26
Answer Stats
Hint Answer % Correct
ATH Athens
97%
HKG Hong kong
95%
OSL Oslo
90%
WAW Warsaw
88%
ZRH Zurich
88%
LAS Las vegas
87%
VCE Venice
80%
CLE Cleveland
78%
GIB Gibraltar
75%
FLR Florence
57%
YYC Calgary
48%
JAI Jaipur
48%
ICN Incheon
47%
BNE Brisbane
45%
NAS Nassau
45%
EZE Buenos aires
37%
XMN Xiamen
37%
SCL Santiago
30%
UIO Quito
25%
TIA Tirana
25%
KBP Kyiv
23%
RIC Richmond
23%
DAC Dhaka
18%
MBW Melbourne
13%
PAP Port-au-prince
8%
QPG Singapore
7%
No matching quizzes found
Score Distribution
Percent of People with Each Score
Percentile by Number Answered
Your Score History
You have not taken this quiz